000 00562nam a2200181Ia 4500
008 180921t2002 xxu||||| |||| 00| 0 sin d
041 _asin
080 _a5
_bKAR
100 _aKarunathilaka, Niranjan Chaminda
245 _aඑය සිදුවුනේ ඇයි? කෙසේද? කවදාද
246 _aEya siduuve ayi ? keseda? Kavadada?
260 _bM.D. Gunasena
_aColombo
_c2002
300 _a66p., ill., 18 cm
650 _aBlood
_aVolcano
_aScientific reason
942 _cBK
999 _c15398
_d15398
003 LK-CoDNM
040 _aLK-CoDNM
_dLK-CoDNM
_eLK-CoDNM